Statistiques concernant Trouver tous les ingredients O'Tacos

Cliquez ici pour prendre le quiz!

Statistiques générales

  • Ce quiz a été pris 87 fois
  • Le résultat moyen est 14 sur 34

Statistiques - réponses

IngrédientsRéponses% Correct
Mayonnaise
92%
Ketchup
90%
Tenders
86%
Algerienne
85%
Cordon bleu de poulet
83%
Nuggets de poulet
82%
Poulet nature
76%
Viande hachée de boeuf
65%
Barbecue
61%
Cheddar
61%
Merguez de boeuf
58%
Samourai
52%
Burger
49%
Curry
48%
Poulet mariné
48%
SauceAndalouse
44%
Oignons caramelisés
38%
Raclette
37%
Chevre
31%
Lardons de volaille
31%
Emmental
24%
Mozzarella
24%
Bacon fumé
21%
SupplémentBoursin
18%
Falafels
18%
Poivronnade
15%
Champignons
13%
Vache qui rit
13%
Chili thai
11%
Fuego
10%
Gouda
8%
ViandeSpicy Tenders
6%
Galette de pomme de terre
4%
Jalapeno et cheese nuggets
4%

Distribution des résultats

Percentile par nombre de réponses

% des personnes avec chaque résultat

Votre développement - résultats

Vous n’avez pas pris ce quiz